Puss in boots / (Record no. 106197)
[ view plain ]
| 000 -LEADER | |
|---|---|
| fixed length control field | 00363nam a2200145 a 4500 |
| 005 - DATE AND TIME OF LATEST TRANSACTION | |
| control field | 20140412111425.0 |
| 008 - FIXED-LENGTH DATA ELEMENTS--GENERAL INFORMATION | |
| fixed length control field | 090224s19uu xx 00 eng d |
| 050 ## - LIBRARY OF CONGRESS CALL NUMBER | |
| Classification number | ER |
| Item number | Pu96 |
| 100 ## - MAIN ENTRY--PERSONAL NAME | |
| Personal name | Herring, A.K. |
| 245 ## - TITLE STATEMENT | |
| Title | Puss in boots / |
| Statement of responsibility, etc | A.K. Herring. |
| 260 ## - PUBLICATION, DISTRIBUTION, ETC. (IMPRINT) | |
| Place of publication, distribution, etc | Tokyo : |
| Name of publisher, distributor, etc | Froebel-Kan. |
| 300 ## - PHYSICAL DESCRIPTION | |
| Extent | unp |
| 440 ## - SERIES STATEMENT/ADDED ENTRY--TITLE | |
| Title | The World of fairy tales |
| Withdrawn status | Lost status | Damaged status | Home library | Current library | Shelving location | Date acquired | Source of acquisition | Total Checkouts | Full call number | Barcode | Date last seen | Price effective from | Koha item type |
|---|---|---|---|---|---|---|---|---|---|---|---|---|---|
| Elizalde Library | Elizalde Library | Easy Reading Section | 02/24/2009 | ER Pu96 | E11423 | 04/12/2014 | 04/12/2014 | Books |